Az iskolai testnevelés értékelésének lehetőségei tanítói vélemények alapján /

Elmentve itt :
Bibliográfiai részletek
Szerzők: Prisztóka Gyöngyvér
Tóvári Ferenc
Telek István
Vass Miklós
Testületi szerző: Pedagógiai Értékelési Konferencia (5.) (2007) (Szeged)
Dokumentumtípus: Könyv része
Megjelent: 2007
Sorozat:Pedagógiai Értékelési Konferencia 5
Kulcsszavak:Értékelés - pedagógiai - előadáskivonat, Testnevelés tanítása - előadáskivonat
Online Access:http://acta.bibl.u-szeged.hu/60421
LEADER 00889naa a2200217 i 4500
001 acta60421
005 20260224081030.0
008 190802s2007 hu o 100 hun d
040 |a SZTE Egyetemi Kiadványok Repozitórium  |b hun 
041 |a hun 
100 1 |a Prisztóka Gyöngyvér 
245 1 3 |a Az iskolai testnevelés értékelésének lehetőségei   |h [elektronikus dokumentum] :  |b tanítói vélemények alapján /  |c  Prisztóka Gyöngyvér 
260 |c 2007 
300 |a 127 
490 0 |a Pedagógiai Értékelési Konferencia  |v 5 
695 |a Értékelés - pedagógiai - előadáskivonat, Testnevelés tanítása - előadáskivonat 
700 0 1 |a Tóvári Ferenc  |e aut 
700 0 1 |a Telek István  |e aut 
700 0 1 |a Vass Miklós  |e aut 
710 |a Pedagógiai Értékelési Konferencia (5.) (2007) (Szeged) 
856 4 0 |u http://acta.bibl.u-szeged.hu/60421/1/pek_2007_127.pdf  |z Dokumentum-elérés